<?xml version="1.0" encoding="UTF-8"?>
<record
    xmlns:xsi="http://www.w3.org/2001/XMLSchema-instance"
    xsi:schemaLocation="http://www.loc.gov/MARC21/slim http://www.loc.gov/standards/marcxml/schema/MARC21slim.xsd"
    xmlns="http://www.loc.gov/MARC21/slim">

  <leader>01368nam a2200265Ia 4500</leader>
  <controlfield tag="008">120626s2003    mx            000 0 spa d</controlfield>
  <datafield tag="020" ind1=" " ind2=" ">
    <subfield code="a">970104021X</subfield>
  </datafield>
  <datafield tag="050" ind1=" " ind2=" ">
    <subfield code="a">RC467</subfield>
    <subfield code="b"> C6441 2003</subfield>
  </datafield>
  <datafield tag="100" ind1=" " ind2=" ">
    <subfield code="a">Compas, Bruce E.</subfield>
    <subfield code="e">Autor</subfield>
  </datafield>
  <datafield tag="243" ind1=" " ind2=" ">
    <subfield code="a">Introduction to clinical psychology : science and practice</subfield>
    <subfield code="l">Espa&#xF1;ol</subfield>
  </datafield>
  <datafield tag="245" ind1=" " ind2=" ">
    <subfield code="a">Introducci&#xF3;n a la psicolog&#xED;a cl&#xED;nica: Ciencia y pr&#xE1;ctica </subfield>
    <subfield code="c">/ Bruce E. Compas, Ian H. Gotlib ; traducci&#xF3;n de Gacriel Negore C&#xE1;zarez, Jorge Yescas Milan&#xE9;z, Fernando Ortiz Salinas</subfield>
  </datafield>
  <datafield tag="260" ind1=" " ind2=" ">
    <subfield code="a">M&#xE9;xico </subfield>
    <subfield code="b">: McGraw Hill</subfield>
    <subfield code="c">2003</subfield>
  </datafield>
  <datafield tag="300" ind1=" " ind2=" ">
    <subfield code="a">561 p&#xE1;ginas</subfield>
    <subfield code="b">: ilustraciones</subfield>
  </datafield>
  <datafield tag="500" ind1=" " ind2=" ">
    <subfield code="a">traducci&#xF3;n de Introduction to clinical psychology : science and practice</subfield>
  </datafield>
  <datafield tag="500" ind1=" " ind2=" ">
    <subfield code="a">Incluye: Glosario pp 456-470, Bibliograf&#xED;a [Referencias] pp.471-525, &#xCD;ndices pp 529-561.</subfield>
  </datafield>
  <datafield tag="505" ind1=" " ind2=" ">
    <subfield code="a">Introducci&#xF3;n al &#xE1;rea 
Evaluaci&#xF3;n psicol&#xF3;gica 
Intervenci&#xF3;n psicol&#xF3;gica: Promoci&#xF3;n, prevenci&#xF3;n y psicoterapia 
</subfield>
  </datafield>
  <datafield tag="519" ind1=" " ind2=" ">
    <subfield code="a">Plan Flexible / </subfield>
    <subfield code="b">Psicolog&#xED;a / </subfield>
    <subfield code="c">Psicolog&#xED;a cl&#xED;nica (P09) / </subfield>
    <subfield code="d">(11 006753)</subfield>
  </datafield>
  <datafield tag="519" ind1=" " ind2=" ">
    <subfield code="a">Plan Flexible / </subfield>
    <subfield code="b">Psicolog&#xED;a / </subfield>
    <subfield code="c">Temas selectos de psicolog&#xED;a cl&#xED;nica (P25) / </subfield>
    <subfield code="d">(11 006662)</subfield>
  </datafield>
  <datafield tag="650" ind1=" " ind2=" ">
    <subfield code="a">PSICOLOG&#xCD;A CL&#xCD;NICA</subfield>
  </datafield>
  <datafield tag="700" ind1=" " ind2=" ">
    <subfield code="a">Ian H. Gotlib </subfield>
    <subfield code="e">autor</subfield>
  </datafield>
  <datafield tag="700" ind1=" " ind2=" ">
    <subfield code="a">Gacriel Negore C&#xE1;zarez </subfield>
    <subfield code="e">traductor</subfield>
  </datafield>
  <datafield tag="700" ind1=" " ind2=" ">
    <subfield code="a">Jorge Yescas Milan&#xE9;z</subfield>
    <subfield code="e">traductor</subfield>
  </datafield>
  <datafield tag="700" ind1=" " ind2=" ">
    <subfield code="a">Fernando Ortiz Salinas</subfield>
    <subfield code="e">traductor</subfield>
  </datafield>
  <datafield tag="942" ind1=" " ind2=" ">
    <subfield code="c">LB</subfield>
  </datafield>
  <datafield tag="952" ind1=" " ind2=" ">
    <subfield code="0">0</subfield>
    <subfield code="1">0</subfield>
    <subfield code="2">lcc</subfield>
    <subfield code="4">0</subfield>
    <subfield code="7">0</subfield>
    <subfield code="a">04</subfield>
    <subfield code="b">04</subfield>
    <subfield code="d">2007-09-14</subfield>
    <subfield code="l">11</subfield>
    <subfield code="o">RC467 C6441 2003</subfield>
    <subfield code="p">11 006662</subfield>
    <subfield code="r">2024-06-04</subfield>
    <subfield code="s">2017-10-25</subfield>
    <subfield code="t">1</subfield>
    <subfield code="w">2012-06-26</subfield>
    <subfield code="y">LB</subfield>
    <subfield code="f"></subfield>
  </datafield>
  <datafield tag="952" ind1=" " ind2=" ">
    <subfield code="0">0</subfield>
    <subfield code="1">0</subfield>
    <subfield code="2">lcc</subfield>
    <subfield code="4">0</subfield>
    <subfield code="7">0</subfield>
    <subfield code="a">22</subfield>
    <subfield code="b">22</subfield>
    <subfield code="d">2007-09-14</subfield>
    <subfield code="l">5</subfield>
    <subfield code="o">RC467 C6441 2003</subfield>
    <subfield code="p">11 006663</subfield>
    <subfield code="r">2023-07-14</subfield>
    <subfield code="s">2023-01-30</subfield>
    <subfield code="t">2</subfield>
    <subfield code="w">2012-06-26</subfield>
    <subfield code="y">LB</subfield>
  </datafield>
  <datafield tag="952" ind1=" " ind2=" ">
    <subfield code="0">0</subfield>
    <subfield code="1">0</subfield>
    <subfield code="2">lcc</subfield>
    <subfield code="4">0</subfield>
    <subfield code="7">0</subfield>
    <subfield code="a">22</subfield>
    <subfield code="b">22</subfield>
    <subfield code="d">2008-03-03</subfield>
    <subfield code="l">6</subfield>
    <subfield code="o">RC467 C6441 2003</subfield>
    <subfield code="p">11 006753</subfield>
    <subfield code="r">2023-07-14</subfield>
    <subfield code="s">2019-02-05</subfield>
    <subfield code="t">3</subfield>
    <subfield code="w">2012-06-26</subfield>
    <subfield code="y">LB</subfield>
  </datafield>
  <datafield tag="952" ind1=" " ind2=" ">
    <subfield code="0">0</subfield>
    <subfield code="1">0</subfield>
    <subfield code="2">lcc</subfield>
    <subfield code="4">0</subfield>
    <subfield code="7">0</subfield>
    <subfield code="a">11</subfield>
    <subfield code="b">11</subfield>
    <subfield code="d">2010-04-07</subfield>
    <subfield code="l">7</subfield>
    <subfield code="o">RC467 C6441 2003</subfield>
    <subfield code="p">11 008431</subfield>
    <subfield code="r">2016-09-08</subfield>
    <subfield code="s">2016-09-08</subfield>
    <subfield code="t">4</subfield>
    <subfield code="w">2012-06-26</subfield>
    <subfield code="y">LB</subfield>
  </datafield>
  <datafield tag="952" ind1=" " ind2=" ">
    <subfield code="0">0</subfield>
    <subfield code="1">0</subfield>
    <subfield code="2">lcc</subfield>
    <subfield code="4">0</subfield>
    <subfield code="7">0</subfield>
    <subfield code="a">11</subfield>
    <subfield code="b">11</subfield>
    <subfield code="d">2010-04-07</subfield>
    <subfield code="l">11</subfield>
    <subfield code="o">RC467 C6441 2003</subfield>
    <subfield code="p">11 008432</subfield>
    <subfield code="r">2023-08-25</subfield>
    <subfield code="s">2023-08-22</subfield>
    <subfield code="t">5</subfield>
    <subfield code="w">2012-06-26</subfield>
    <subfield code="y">LB</subfield>
  </datafield>
  <datafield tag="952" ind1=" " ind2=" ">
    <subfield code="0">0</subfield>
    <subfield code="1">0</subfield>
    <subfield code="2">lcc</subfield>
    <subfield code="4">0</subfield>
    <subfield code="7">0</subfield>
    <subfield code="a">11</subfield>
    <subfield code="b">11</subfield>
    <subfield code="d">2012-06-14</subfield>
    <subfield code="l">3</subfield>
    <subfield code="o">RC467 C6441 2003</subfield>
    <subfield code="p">11 009647</subfield>
    <subfield code="r">2019-02-20</subfield>
    <subfield code="s">2019-02-20</subfield>
    <subfield code="t">6</subfield>
    <subfield code="w">2012-06-26</subfield>
    <subfield code="y">LB</subfield>
  </datafield>
  <datafield tag="952" ind1=" " ind2=" ">
    <subfield code="0">0</subfield>
    <subfield code="1">0</subfield>
    <subfield code="2">lcc</subfield>
    <subfield code="4">0</subfield>
    <subfield code="7">0</subfield>
    <subfield code="a">11</subfield>
    <subfield code="b">11</subfield>
    <subfield code="d">2012-06-14</subfield>
    <subfield code="l">8</subfield>
    <subfield code="o">RC467 C6441 2003</subfield>
    <subfield code="p">11 009648</subfield>
    <subfield code="r">2023-08-19</subfield>
    <subfield code="s">2023-08-17</subfield>
    <subfield code="t">7</subfield>
    <subfield code="w">2012-06-26</subfield>
    <subfield code="y">LB</subfield>
  </datafield>
  <datafield tag="952" ind1=" " ind2=" ">
    <subfield code="0">0</subfield>
    <subfield code="1">0</subfield>
    <subfield code="2">lcc</subfield>
    <subfield code="4">0</subfield>
    <subfield code="7">0</subfield>
    <subfield code="a">11</subfield>
    <subfield code="b">11</subfield>
    <subfield code="d">2012-06-14</subfield>
    <subfield code="l">4</subfield>
    <subfield code="o">RC467 C6441 2003</subfield>
    <subfield code="p">11 009649</subfield>
    <subfield code="r">2023-02-07</subfield>
    <subfield code="s">2023-01-31</subfield>
    <subfield code="t">8</subfield>
    <subfield code="w">2012-06-26</subfield>
    <subfield code="y">LB</subfield>
  </datafield>
  <datafield tag="952" ind1=" " ind2=" ">
    <subfield code="0">0</subfield>
    <subfield code="1">0</subfield>
    <subfield code="2">lcc</subfield>
    <subfield code="4">0</subfield>
    <subfield code="7">0</subfield>
    <subfield code="a">11</subfield>
    <subfield code="b">11</subfield>
    <subfield code="d">2015-09-14</subfield>
    <subfield code="l">4</subfield>
    <subfield code="o">RC467 C6441 2003</subfield>
    <subfield code="p">11 012682</subfield>
    <subfield code="r">2023-08-23</subfield>
    <subfield code="s">2023-08-17</subfield>
    <subfield code="t">9</subfield>
    <subfield code="w">2015-09-14</subfield>
    <subfield code="y">LB</subfield>
  </datafield>
  <datafield tag="952" ind1=" " ind2=" ">
    <subfield code="0">0</subfield>
    <subfield code="1">0</subfield>
    <subfield code="2">lcc</subfield>
    <subfield code="4">0</subfield>
    <subfield code="7">0</subfield>
    <subfield code="a">11</subfield>
    <subfield code="b">11</subfield>
    <subfield code="d">2015-09-14</subfield>
    <subfield code="l">4</subfield>
    <subfield code="o">RC467 C6441 2003</subfield>
    <subfield code="p">11 012683</subfield>
    <subfield code="r">2024-03-19</subfield>
    <subfield code="s">2019-01-31</subfield>
    <subfield code="t">10</subfield>
    <subfield code="w">2015-09-14</subfield>
    <subfield code="y">LB</subfield>
  </datafield>
  <datafield tag="999" ind1=" " ind2=" ">
    <subfield code="c">71629</subfield>
    <subfield code="d">71629</subfield>
  </datafield>
</record>
